Introduction to positive economics (Record no. 5640)

000 -LEADER
fixed length control field 00453nam a22001817a 4500
001 - CONTROL NUMBER
control field 5640
003 - CONTROL NUMBER IDENTIFIER
control field BD-DhUET
008 - FIXED-LENGTH DATA ELEMENTS--GENERAL INFORMATION
fixed length control field 141127b xxu||||| |||| 00| 0 eng d
040 ## - CATALOGING SOURCE
Transcribing agency 0
Modifying agency BD-DhUET
082 ## - DEWEY DECIMAL CLASSIFICATION NUMBER
Classification number 330
Item number LIP/1971
100 ## - MAIN ENTRY--PERSONAL NAME
Personal name Lipsey, Richard G.
245 ## - TITLE STATEMENT
Title Introduction to positive economics
250 ## - EDITION STATEMENT
Edition statement 3rd ed.
260 ## - PUBLICATION, DISTRIBUTION, ETC. (IMPRINT)
Name of publisher, distributor, etc. English Language Book
Place of publication, distribution, etc. Hampshire
Date of publication, distribution, etc. 1971
300 ## - PHYSICAL DESCRIPTION
Extent xx, 740 p.
Other physical details ill.
Dimensions 26 cm.
650 #0 - SUBJECT ADDED ENTRY--TOPICAL TERM
Topical term or geographic name as entry element Economics
942 ## - ADDED ENTRY ELEMENTS (KOHA)
Koha item type General Book
Holdings
Koha normalized classification for sorting Date acquired Koha full call number Koha item type Source of classification or shelving scheme Copy number Koha collection Price effective from Withdrawn status Shelving location Location (home branch) Koha date last seen Lost status Piece designation (barcode) Not for loan Sublocation or collection (holding branch) Damaged status
330LIP19712014-11-27330/LIP/1971General Book 1 2014-11-27 Circulation sectionCentral Library, BUET2014-11-27 23693 Central Library, BUET 
330LIP19712014-11-27330/LIP/1971General Book 2 2014-11-27 Circulation sectionCentral Library, BUET2014-11-27 23702 Central Library, BUET 
330_000000000000000_LIP_19712015-01-27330/LIP/1971General Book 3 2015-01-27 Circulation sectionCentral Library, BUET2015-01-27 23689 Central Library, BUET 
330_000000000000000_LIP_19712015-01-27330/LIP/1971General Book 4 2015-01-27 Circulation sectionCentral Library, BUET2015-01-27 23684 Central Library, BUET 
330_000000000000000_LIP_19712015-01-27330/LIP/1971General Book 5 2015-01-27 Circulation sectionCentral Library, BUET2015-01-27 23710 Central Library, BUET 
330_000000000000000_LIP_19712015-01-27330/LIP/1971General Book 6 2015-01-27 Circulation sectionCentral Library, BUET2015-01-27 23713 Central Library, BUET 
330_000000000000000_LIP_19712015-01-27330/LIP/1971General Book 7 2015-01-27 Cataloging sectionCentral Library, BUET2015-01-27 23690 Central Library, BUET 
330_000000000000000_LIP_19712015-01-27330/LIP/1971General Book 8 2015-01-27 Circulation sectionCentral Library, BUET2015-01-27 23698 Central Library, BUET 
330_000000000000000_LIP_19712015-01-27330/LIP/1971General Book 9 2015-01-27 Circulation sectionCentral Library, BUET2015-01-27 23685 Central Library, BUET 
330_000000000000000_LIP_19712015-01-27330/LIP/1971General Book 10 2015-01-27 Circulation sectionCentral Library, BUET2015-01-27 23712 Central Library, BUET 
330_000000000000000_LIP_19712015-01-28330/LIP/1971General Book 4Non Fiction2015-01-28 Circulation sectionCentral Library, BUET2015-01-28 23677 Central Library, BUET 
330_000000000000000_LIP_19712015-01-28330/LIP/1971General Book 30Non Fiction2015-01-28 Circulation sectionCentral Library, BUET2015-01-28 23706 Central Library, BUET 
330_000000000000000_LIP_19712015-01-28330/LIP/1971General Book 29Non Fiction2015-01-28 Circulation sectionCentral Library, BUET2015-01-28 23705 Central Library, BUET 
330_000000000000000_LIP_19712015-01-28330/LIP/1971General Book 16Non Fiction2015-01-28 Circulation sectionCentral Library, BUET2015-01-28 23680 Central Library, BUET 
330_000000000000000_LIP_19712015-04-20330/LIP/1971General Book 15 2015-04-20 Circulation sectionCentral Library, BUET2015-04-20 23691 Central Library, BUET